Štúdium vplyvu neurčitosti parametrov výrobného systému na výrobné ciele a ich optimalizáciu

Gespeichert in:
Bibliographische Detailangaben
1. Verfasser: Hrehuš, Tomáš (Verfasst von)
Weitere Verfasser: Červeňanská, Zuzana (Betreuung Doktorarbeit)
Format: Manuskript Buch
Sprache:Slowakisch
Veröffentlicht: 2022
Schlagworte:
Online-Zugang:http://is.stuba.sk/zp/portal_zp.pl?podrobnosti=164146
Tags: Tag hinzufügen
Keine Tags, Fügen Sie das erste Tag hinzu!

MARC

LEADER 00000ntm a22000003a 4500
001 stuzp90073
003 SK-STU
005 20220611213300.8
007 ta
008 150427s2015----xo-----f-mn---000-0-slo-d
040 |a STU  |b slo 
041 0 |a slo 
100 1 |a Hrehuš, Tomáš  |u 066000  |k Z4  |4 aut  |U MTF Materiálovotechnologická fakulta  |T MTF Ústav aplikovanej informatiky, automatizácie a mechatroniky  |X 91687  |U M6000  |Y 86  |7 91687 
242 0 1 |a Study of the influence of production system parameters uncertainty on production goals and their optimization  |y eng 
245 1 0 |a Štúdium vplyvu neurčitosti parametrov výrobného systému na výrobné ciele a ich optimalizáciu 
260 |c 2022 
650 4 |a jednokriteriálna optimalizácia  |2 slo 
650 4 |a simulačná optimalizácia  |2 slo 
650 4 |a stochastický systém  |2 slo 
650 4 |a premenlivosť  |2 slo 
650 4 |a one-criteria optimization  |2 eng 
650 4 |a simulation optimization  |2 eng 
650 4 |a stochastic system  |2 eng 
650 4 |a variability  |2 eng 
700 1 |a Červeňanská, Zuzana  |u 066000  |k Z1  |4 ths  |U MTF Materiálovotechnologická fakulta  |T MTF Ústav aplikovanej informatiky, automatizácie a mechatroniky  |X 1459  |U M6000  |Y 86  |7 A000001459 
856 4 |u http://is.stuba.sk/zp/portal_zp.pl?podrobnosti=164146 
996 |c M* DP-14900  |l MMSKP  |s P  |a 0  |w stuzp90073_0001